Complete the Card - WWE Breaking Point 2009 - Statistics

General Stats
  • This quiz has been taken 17 times
  • The average score is 15 of 18
Answer Stats
Answer % Correct
John Cena
100%
Randy Orton
100%
Chris Jericho
92%
CM Punk
92%
Cody Rhodes
92%
Shawn Michaels
92%
Ted DiBiase
92%
The Big Show
92%
The Undertaker
92%
Triple H
92%
Kane
83%
Kofi Kingston
83%
MVP
83%
The Great Khali
83%
The Miz
83%
Christian
75%
Mark Henry
75%
William Regal
42%
No matching quizzes found
Score Distribution
Percent of People with Each Score
Percentile by Number Answered
Your Score History
You have not taken this quiz